| 000 | 00431nam a22001817a 4500 | ||
|---|---|---|---|
| 005 | 20210427065401.0 | ||
| 008 | 210304s2011 ||||| |||| 00| 0 eng d | ||
| 040 |
_aeng _cDLC |
||
| 041 | _aeng | ||
| 082 |
_a070 _bT-58 |
||
| 110 |
_91231 _aTime |
||
| 245 |
_aTime / 2011 / Vol. 178, No. 15 _c/ by: Time |
||
| 260 |
_bTime _c2011 |
||
| 300 |
_a73 p. _bill. |
||
| 650 | 0 |
_91229 _aPress |
|
| 653 | _aპრესა | ||
| 942 |
_2udc _cMP |
||
| 999 |
_c1889 _d1889 |
||